| 000 | 00341nam a2200145 a 4500 | ||
|---|---|---|---|
| 003 | SISC | ||
| 005 | 20190528132702.0 | ||
| 008 | 100916s19uu xx 00 eng d | ||
| 050 |
_aDVD _bI8 2007 |
||
| 245 |
_aInvisible wall : _bautism / |
||
| 260 |
_bStandford University. _c2007. |
||
| 650 | _aDVD | ||
| 650 | _aAutism | ||
| 942 |
_cAVM _2lcc |
||
| 999 |
_c276271 _d276271 |
||